| 000 | 00905nam a2200241 a 4500 | ||
|---|---|---|---|
| 001 | 73938 | ||
| 003 | BD-RjUL | ||
| 005 | 20211209082450.0 | ||
| 008 | 170921r20132010ii ||||| |||| 00| 0 ben d | ||
| 020 |
_a9788175220478 _c:IRs.450.00 |
||
| 035 | _a(BD-RjUL) | ||
| 040 |
_aBD-RjUL _bben _cBD-RjUL |
||
| 041 | _aben | ||
| 082 |
_223 _a891.441 _bTHS 2013 |
||
| 100 |
_aঠাকুর, রবীন্দ্রনাথ _9219245 |
||
| 245 | 1 | 0 |
_aসঞ্চয়িতা / _cরবীন্দ্রনাথ ঠাকুর |
| 250 | _a১১শ সং. | ||
| 260 |
_aকলিকাতা : _bবিশ্বভারতী গ্রন্থনবিভাগ, _c২০১০ [পুনর্মুদ্রণ ২০১৩] |
||
| 300 |
_a৯১৫, [১] পৃ.; _c২২ সেমি. |
||
| 650 |
_aবাংলা কবিতা _9137225 |
||
| 650 |
_aBengali poetry _9137226 |
||
| 942 |
_2ddc _cBK |
||
| 999 |
_c73938 _d73938 |
||